000 00441nam a2200169 a 4500
001 0000-8604
003 ELIB.Books
008 110520 2002
035 _a(ELIB.Books)0000-8750
082 _aB.Th
_bGil
100 _aGilson Dee, Saw
245 _aThe Whole year program for youth
260 _bInsein: Karen Baptist Theolgical Seminary
_c2002
650 _aThesis
942 _2ddc
_cBK
998 _cbat
_e2011-05-20
999 _c8604
_d8604